| 000 | 00433 a2200157 4500 | ||
|---|---|---|---|
| 010 | _aENG-145617 | ||
| 020 | _c750.00 | ||
| 035 | _aEN-129149 | ||
| 037 | _bDBAD | ||
| 082 | 1 | 4 |
_a954.61 _21 |
| 100 | 1 |
_aJones, Susan M. Griffich _982445 |
|
| 245 | 1 |
_aThe Rainbow Bridge: _cSusan M. Griffich Jones |
|
| 260 |
_bVibgyor Publishing House _c2009 |
||
| 300 |
_c22cm( Hb.) _a221p. |
||
| 942 |
_cEN _adpl _2ddc _h954.61 _mJON |
||
| 999 |
_c211998 _d211998 |
||